000 00546nam a22001937a 4500
003 OSt
005 20140310181926.0
008 130720t xxu||||| |||| 00| 0 eng d
020 _a97159800228
050 _aAG 195
_b.C227 2001
082 _aFIL 791.45
_bC16 2001
245 _aBook of W's (who? what? when? where? why?) : informative! educational!
_cCanonigo, C.S.
260 _aSta. Cruz, Manila :
_b JUCIP Books,
_cc2001.
300 _aix, 210 p. ; cm.
521 _a
541 _j1
562 _e1
942 _2lcc
_cBK-FIL
_kFIL
999 _c7175
_d7175